000 00913 a2200229 4500
005 20191212082119.0
008 191212s2011 ck ||||| |||| 00| 0 spa d
020 _a9789587107364
040 _aCO-BoUCM
_bspa
_cSaul Niño
_dSaul Niño
041 0 _aspa
100 1 0 _aGiraldo Gómez, Luis Felipe
_999558
245 1 3 _aLa pérdida de la oportunidad en la responsabilidad civil
_bsu aplicación en el campo de la responsabilidad civil médica
_cLuis Felipe Giraldo Gómez
260 _aBogotá (Colombia)
_bUniversidad Externado de Colombia
_c2011
300 _a285 páginas
650 7 _923682
_aResponsabilidad médica
650 7 _912465
_aDaños y perjuicios
650 7 _aPráctica médica
_xLegislación
_929489
650 7 _923668
_aResponsabilidad civil
650 7 _923692
_aResponsabilidad profesional
942 _cLIBRO
_2DEWEY
_a8
_e1
_h346.0332
_mG516p
999 _c316921
_d316921